عرض عادي
عرض مارك
- Diagnostic Imaging
مدخل مصطلح موضوعي
001 - رقم الضبط
- حقل الضبط: 11183
003 - معرف رقم الضبط
- حقل الضبط: OSt
005 - تاريخ ووقت أخر عملية
- حقل الضبط: 20120417044950.0
008 - عناصر بيانات ثابتة الطول
- حقل تحكم ثابت الطول: 120417|||a|||||| | ||| d
040 ## - مصدر الفهرسة
- هيئة الفهرسة الأصلية: OSt
- وكالة الكتابة: OSt
150 ## - مدخل-- مصطلح تاريخي
- عنصر مدخل المصطلح الموضوعي او الاسم الجغرافي: Diagnostic Imaging
- تفريع عام: methods
- تفريع شكلي: Case Reports.
670 ## - بيانات المصدر موجوده
- الاستشهاد بالمصدر: Work cat.: (OSt)23520: Cardiac imaging /, c2010.
